000 00631nam a2200229Ia 4500
003 OSt
005 20221007071110.0
006 a|||||r|||| 00| 0
007 ta
008 221006b |||||||| |||| 00| 0 eng d
024 _a19,488
037 _cTextual
040 _aFLL
_cFLL
_beng
041 _2eng
_aeng
082 _aZ1z7, M3
100 _aMacdonald R.J. Au.
_9688126
245 0 _aStructure and process of international law
260 _aLauge
_bMartinus nijhoff publishers Netherland
_c1983
300 _a1234p
_ccm.
942 _hZ1z7, M3
_cTEXL
_2CC
999 _c1142449
_d1142449